000 00408nam a2200181Ia 4500
005 20240823041826.0
008 240823s9999||||xx |||||||||||||| ||und||
020 _a0-8423-2491-7
041 _aENGLISH
082 _A813.54 M8
100 _astephen Bly
245 4 _aThe Land Tamers
250 _a1st
260 _c1988
_bLining
500 _aTRANSFERED
650 _aGeneral
_bGeneral
942 _cBK
999 _c206423
_d206423